| 000 | 00792nam a2200205Ia 4500 | ||
|---|---|---|---|
| 999 |
_c6351 _d6351 |
||
| 003 | GCL | ||
| 005 | 20240530095338.0 | ||
| 008 | 140319s9999 xx 000 0 ara d | ||
| 040 |
_aGCL / _cGCL |
||
| 082 | 0 | 4 |
_a070.195 \ _bم ت |
| 100 | 1 | _aمحمود حسن اسماعيل | |
| 245 | 1 | 2 |
_aالتنشئة السياسية : _bدراسة فى دور اخبار التليفزيون / _cمحمود حسن اسماعيل |
| 260 |
_aالقاهرة : _bشركة البهاء للبرمجيات والكومبيوتر والنشر الالكترونى ، _c2003 |
||
| 300 |
_a281 ص. ؛ _c24 سم. |
||
| 650 | 0 | 4 | _aبرامج التليفزيون |
| 650 | 0 | 4 | _aالانباء |
| 650 | 0 | 4 | _aالتليفزيون والشباب |
| 650 | 0 | 4 | _aالتوعية السياسية |
| 942 |
_2ddc _cBK |
||